| 000 | 01565cam a2200349 4500 | ||
|---|---|---|---|
| 001 | 11684 | ||
| 005 | 20230404125641.0 | ||
| 008 | 060907s2001 cl spa | ||
| 020 | _a9213218656 | ||
| 035 | _9funglode11774 | ||
| 086 | _aLC/L.1560-P | ||
| 041 | _aspa | ||
| 050 | 1 | 4 | _aCD F |
| 100 | 1 |
_aThomson, Ian, _d1945- |
|
| 245 | 1 | 3 |
_aLa congestión del tránsito urbano : _bcausas y consecuencias económicas y sociales / _cIan Thomson, Alberto Bull; Comisión Económica para América Latina y el Caribe. |
| 260 |
_aSantiago de Chile : _bNaciones Unidas, Comisión Económica para America Latina y el Caribe - CEPAL, División de Recursos Naturales e Infraestructura, Unidad de Transporte, _c2001 |
||
| 300 |
_a33 p. ; _c28 cm. |
||
| 440 | 0 |
_aSerie recursos naturales e infraestructura ; _v25 |
|
| 500 | _aNúmero de ventas (UN): S.01.II.G.105 | ||
| 650 | 0 |
_aTraffic congestion _zLatin America. |
|
| 650 | 0 |
_aTraffic congestion _xEconomic aspects _zLatin America. |
|
| 650 | 0 |
_aTraffic congestion _xSocial aspects _zLatin America. |
|
| 650 | 0 |
_aTraffic flow _zLatin America. |
|
| 650 | 0 |
_aCity traffic _zLatin America. |
|
| 650 | 4 |
_aTransporte urbano _zAmérica Latina |
|
| 650 | 4 | _aTransporte y comunicaciones de Iberoamerica | |
| 650 | 4 | _aCEPAL | |
| 700 | 1 | _aBull, Alberto | |
| 710 | 2 |
_aUnited Nations. _bEconomic Commission for Latin America and the Caribbean. _bTransport and Communications Division. |
|
| 710 | 2 |
_aComisión Económica para America Latina y el Caribe. _bDivisión de Recursos Naturales e Infraestructura. |
|
| 942 |
_2lcc _ccd |
||
| 999 |
_c1900 _d1900 |
||